The art and discipline of strategic leadership / (Record no. 1148)

MARC details
000 -LEADER
fixed length control field 00658nac a22001931u 4500
008 - FIXED-LENGTH DATA ELEMENTS--GENERAL INFORMATION
fixed length control field 101007s2003 nyu|||||r|||| 001 0 eng d
020 ## - INTERNATIONAL STANDARD BOOK NUMBER
International Standard Book Number 007141066X
020 ## - INTERNATIONAL STANDARD BOOK NUMBER
International Standard Book Number 9780071410663
082 ## - DEWEY DECIMAL CLASSIFICATION NUMBER
Classification number 658.4012
Item number FRE
Edition number 22
100 ## - MAIN ENTRY--PERSONAL NAME
Personal name Freedman, Mike
9 (RLIN) 20151
245 ## - TITLE STATEMENT
Title The Art and Discipline of Strategic Leadership /
Statement of responsibility, etc Mike Freedman with Benjamin B. Tregoe.
260 ## - PUBLICATION, DISTRIBUTION, ETC. (IMPRINT)
Place of publication, distribution, etc New York :
Name of publisher, distributor, etc McGraw-Hill,
Date of publication, distribution, etc c2003.
300 ## - PHYSICAL DESCRIPTION
Extent xvii, 218 p. :
Other physical details ill. ;
Dimensions 24 cm.
504 ## - BIBLIOGRAPHY, ETC. NOTE
Bibliography, etc Includes bibliographical references and index.
650 ## - SUBJECT ADDED ENTRY--TOPICAL TERM
Topical term or geographic name as entry element Leadership.
9 (RLIN) 20152
650 ## - SUBJECT ADDED ENTRY--TOPICAL TERM
Topical term or geographic name as entry element Strategic planning.
9 (RLIN) 20153
700 ## - ADDED ENTRY--PERSONAL NAME
Personal name Tregoe, Benjamin B.
9 (RLIN) 20154
942 ## - ADDED ENTRY ELEMENTS (KOHA)
Item type Book - Borrowing
Call number prefix 658.4012FRE
Source of classification or shelving scheme Dewey Decimal Classification
Holdings
Withdrawn status Item status Source of classification or shelving scheme Damaged status Not for loan Vendor Home library Current library Shelving location Date acquired Source of acquisition Cost, normal purchase price Total Checkouts Total Renewals Full call number Barcode Date last seen Date last borrowed Cost, replacement price Koha item type
    Dewey Decimal Classification       Central Library Central Library First floor 07/10/2010   68.00 7 9 658.4012 FRE 000003346 15/07/2025 02/11/2016 85.00 Book - Borrowing